000 00305nam a2200133Ia 4500
005 20241122224650.0
008 241122s9999||||xx |||||||||||||| ||und||
082 _bCOL
100 _aColo A, Gerald
245 0 _aManagement Thoeory and Practice
260 _bCengage
_c2015
300 _a637p.
942 _cBK
999 _c9412
_d9412